|
|
|
|
| LEADER |
00000cam a2200000 4500 |
| 001 |
vtls012073582 |
| 003 |
SK-MaSNL |
| 005 |
20260301191202.0 |
| 008 |
211015s2020 xo dal frnp 001 0dslo |
| 015 |
|
|
|a SNBA2021/12
|
| 020 |
|
|
|a 9788022350532
|q (brožované)
|
| 040 |
|
|
|a SNK
|b slo
|c SNK
|e rda
|
| 041 |
0 |
|
|a slo
|
| 044 |
|
|
|a xo
|c SK
|
| 072 |
|
7 |
|a 37
|x Výchova a vzdelávanie
|2 konspekt
|
| 072 |
|
7 |
|a 37.016
|x Učebné osnovy. Vyučovacie predmety. Učebnice
|2 konspekt
|
| 080 |
|
|
|a 37.043.2
|2 2011
|
| 080 |
|
|
|a (075.8)
|2 2011
|
| 100 |
1 |
|
|a Janoško, Pavol,
|d 1979-
|4 aut
|9 165250
|
| 245 |
1 |
0 |
|a Učiace sa spoločenstvo - výzva pre inkluzívne vzdelávanie
|c Pavol Janoško a kol.
|
| 250 |
|
|
|a Prvé vydanie
|
| 264 |
|
1 |
|a V Bratislave
|b Univerzita Komenského v Bratislave, Pedagogická fakulta
|b Vydavateľstvo Univerzity Komenského
|c 2020
|
| 300 |
|
|
|a 195 strán
|b grafy, ilustrácie, tabuľky schémy
|c 21 cm
|
| 336 |
|
|
|a text
|b txt
|2 rdacontent
|
| 337 |
|
|
|a bez média
|b n
|2 rdamedia
|
| 338 |
|
|
|a zväzok
|b nc
|2 rdacarrier
|
| 366 |
|
|
|e 100 kusov
|
| 500 |
|
|
|a Obsahuje malý slovník pojmov
|
| 500 |
|
|
|a Obsahuje biografické údaje o autoroch
|
| 504 |
|
|
|a Obsahuje bibliografické odkazy. Register
|
| 650 |
0 |
7 |
|a integrovaná výchova a vzdelávanie
|2 SNKPH
|9 67219
|
| 650 |
0 |
7 |
|a Integrated education
|2 SNKPHeng
|9 306558
|
| 655 |
|
7 |
|a učebnice vysokých škôl
|2 SNKPH
|9 70191
|
| 655 |
|
7 |
|a Textbooks (higher)
|2 SNKPHeng
|9 276436
|
| 700 |
1 |
|
|a Horňáková, Marta,
|d 1950-
|4 aut
|9 7020
|
| 700 |
1 |
|
|a Habalová, Mária
|4 aut
|9 567456
|
| 700 |
1 |
|
|a Vodičková, Barbora,
|d 1971-
|4 aut
|9 223017
|
| 700 |
1 |
|
|a Ťulák Krčmáriková, Zuzana,
|d 1978-
|4 aut
|9 192766
|
| 700 |
1 |
|
|a Tothová, Timea
|4 aut
|9 425543
|
| 752 |
|
|
|a Slovensko
|d Bratislava
|
| 919 |
|
|
|a 978-80-223-5053-2
|
| 958 |
|
|
|a NB
|
| 999 |
|
|
|c 870141
|d 872071
|
| 952 |
|
|
|a SNK
|b SNK
|y PREZ
|7 0
|p 17A1469002
|o snkSC 195304
|i snk2021/18093
|8 0
|0 0
|1 0
|4 0
|d 2021-11-12
|f 1
|l 0
|r 2025-10-15 00:00:00
|w 2026-02-24
|